La industria en Chile: antecedentes estructurales
Spremljeno u:
| Glavni autor: | |
|---|---|
| Format: | Knjiga |
| Jezik: | španjolski |
| Izdano: |
Santiago
Universidad de Chile
1966
|
| Serija: | Publicaciones del Instituto de Economía, 90
|
| Teme: | |
| Oznake: |
Dodaj oznaku
Bez oznaka, Budi prvi tko označuje ovaj zapis!
|
MARC
| LEADER | 00000nam a2200000 a 4500 | ||
|---|---|---|---|
| 001 | UCO0242 | ||
| 003 | CL-VaPUC | ||
| 008 | 000420e19660000CL |||||||||||||||||spa|d | ||
| 082 | 0 | 4 | |a 338.0983 |b LAG |2 21 |
| 100 | |a Lagos Escobar, Ricardo |e author |9 296002 | ||
| 245 | 1 | 3 | |a La industria en Chile: antecedentes estructurales |
| 300 | |a 175 p | ||
| 942 | |c BK | ||
| 945 | |d 20000420 00:00:00 |a crobeson | ||
| 260 | |a Santiago |b Universidad de Chile |c 1966 | ||
| 650 | 0 | |a Industrias |9 263688 | |
| 650 | 0 | |a Producción |9 263680 | |
| 650 | 7 | |a ECONOMIA CHILENA |2 CL-VaPUC |9 410148 | |
| 650 | 0 | |a Desarrollo industrial |9 322675 | |
| 650 | 7 | |a CONCENTRACION INDUSTRIAL |2 CL-VaPUC |9 315796 | |
| 651 | 7 | |a CHILE |2 CL-VaPUC |9 441379 | |
| 583 | |a last modification |c 20000420 00:00:00 |k Rodrigo Vera | ||
| 490 | 0 | |a Publicaciones del Instituto de Economía, 90 | |
| 999 | |c 286957 |d 286955 | ||
| 952 | |0 0 |1 0 |4 0 |6 338_098300000000000_LAG_1966 |7 0 |8 A |9 333239 |a BIBHIS |b BIBHIS |d 2019-11-20 |i 1399950 |o 338.0983 LAG 1966 |p 1399950 |r 2025-01-20 |w 2019-11-20 |y BK |k HIS | ||